| 000 | 01417cab a2200229 4500 | ||
|---|---|---|---|
| 001 | L130864 | ||
| 008 | 050908n2005 000 0 eng u | ||
| 035 | _a(Sirsi) u130864 | ||
| 041 | 0 | _aeng | |
| 245 | _aContaminated land | ||
| 260 | _c2005 | ||
| 490 |
_aHouse Builder _v64(8) September 2005, 73-81(5) |
||
| 520 | _aFour articles focus on aspects of contaminated land and its remediation. "Dirty minded" looks at the work of remediation specialists after July 2004 changes to the landfill directive (Directive 99/31/EC) have made house builders increasingly reluctant to excavate and dispose of contaminated soils to landfill due to escalating costs. "Dishing the dirt" offers advice on how builders can benefit from carefully planned remediation programmes. "Keeping it clean" explains the implications of a recent High Court case,"Circular Facilities (London) Limited v Sevenoaks District Council" ([2005] EWHC 865 (Admin), L130074) which exposes developers to liability for contamination caused by others. "Don't mess up" advises developers to know their limitations in dealing with contaminated sites and to know when to call in the specialists. | ||
| 590 | _aIKA130905 | ||
| 690 | _aPROPERTY-RURAL AND NATURAL ASSETS-LAND-CONTAMINATED LAND | ||
| 700 | _aPalmer, Tim | ||
| 700 | _aBarnwell, Clive | ||
| 700 | _aMatthews, Philip | ||
| 700 | _aHawker, Susan | ||
| 700 | _aNelson, Peter | ||
| 942 | _n0 | ||
| 999 |
_c75848 _d75848 |
||